000 00392nam a2200157Ia 4500
003 LDD
008 181029s9999 xx 000 0 und d
020 _a8170500923
040 _cLDD
100 _aHaksar, P.N.
245 0 _aIndia's foreign policy and its problems
_cP.N. Haksar
260 _aNew Delhi
_bPatriot
_c1989
300 _axi, 278p.
901 _a314
_b12-03-1996
942 _2ddc
_cBK
999 _c35878
_d35878